Kreditné rozhodovanie podniku
Kritériá pri rozhodovaní o poskytnutí obchodného úveru. Stanovenie úverových limitov pre odberateľov. Pravdepodobnosť zaplatenia poskytnutého úveru vyjadrený vzorcom. Priemerný obchod so zákazníkom. Náklady pri úverovom rozhodovaní.
Saved in:
| Main Author: | |
|---|---|
| Format: | Book Chapter |
| Language: | Slovak |
| Subjects: | |
| Tags: |
No Tags, Be the first to tag this record!
|
MARC
| LEADER | 00000nla$a2200000$$$4500 | ||
|---|---|---|---|
| 001 | 0072198 | ||
| 005 | 20240502083206.8 | ||
| 041 | 0 | |a slo | |
| 044 | |a CZ | ||
| 245 | 1 | 0 | |a Kreditné rozhodovanie podniku |c Zuzana Melicheríková |
| 520 | |a Kritériá pri rozhodovaní o poskytnutí obchodného úveru. Stanovenie úverových limitov pre odberateľov. Pravdepodobnosť zaplatenia poskytnutého úveru vyjadrený vzorcom. Priemerný obchod so zákazníkom. Náklady pri úverovom rozhodovaní. | ||
| 610 | 2 | 0 | |a rozhodovanie úverové |
| 610 | 2 | 0 | |a úver bankový |
| 610 | 2 | 0 | |a banky |
| 610 | 2 | 0 | |a podnik |
| 610 | 2 | 0 | |a podnikatelia |
| 610 | 2 | 0 | |a zákazníci |
| 610 | 2 | 0 | |a analýza finančná |
| 610 | 2 | 0 | |a náklady |
| 100 | 1 | |a Melicheríková, Zuzana | |